Chile

Tallennettuna:
Bibliografiset tiedot
Aineistotyyppi: Kirja
Kieli:englanti
Julkaistu: Santiago Zig-Zag 1915
Aiheet:
Tagit: Lisää tagi
Ei tageja, Lisää ensimmäinen tagi!

MARC

LEADER 00000nam a2200000 a 4500
001 UCH2995
003 CL-VaPUC
008 090709e19150000CL |||||||||||||||||eng|d
082 0 4 |a 983  |b CHI  |2 21 
245 1 0 |a Chile 
300 |a 301 p 
942 |c BK 
945 |d 20090709 00:00:00  |a rbrito 
260 |a Santiago  |b Zig-Zag  |c 1915 
650 0 |a Historia de Chile  |9 265473 
651 7 |a CHILE  |2 CL-VaPUC  |9 538088 
583 |a last modification  |c 20090709 00:00:00  |k Rodrigo Vera 
999 |c 334652  |d 334650 
952 |0 0  |1 0  |4 0  |6 983_000000000000000_CHI_1915  |7 0  |8 X  |9 423782  |a FDOBUD  |b FDOBUD  |d 2019-11-22  |i 4566483  |o 983 CHI 1915  |p 4566483  |r 2019-11-22  |w 2019-11-22  |y BK_X  |k BUD